000 00517nam a2200193 a 4500
005 20230602063548.0
008 040430s2000 mx r 000 0 spa d
020 _a9707100125
035 _aUPN01000133231
049 _aCG
050 4 _aPQ7297 F9.8
_bN3.7
100 1 _aFuentes, Carlos,
_d1928-2012
245 1 3 _aEl naranjo /
_cCarlos Fuentes.
260 _aMéxico :
_bSuma de Letras,
_c2000.
300 _a299 p.
440 0 _aPunto de lectura ;
_v108.4
650 4 _aCuentos mexicanos
_96937
905 _aLibro
999 _c105383
_d105383